| 000 | 00834nam a2200229Ia 4500 | ||
|---|---|---|---|
| 003 | GCL | ||
| 008 | 140319s9999 xx 000 0 ara d | ||
| 020 | _a5234314977 | ||
| 040 |
_aGCL / _cGCL |
||
| 082 | 0 | 4 |
_aق _b728 _bغ م |
| 100 | 1 | _aغزوان مصطفى ياغى | |
| 245 | 1 | 0 |
_aمنازل القاهرة ومقاعدها فى العصرين المملوكى والعثمانى / _cغزوان مصطفى ياغى |
| 260 |
_aالقاهرة : _bمكتبة زهراء الشرق ، _c2004 |
||
| 300 |
_a375 ص ؛ _c24 سم |
||
| 650 | 0 | 4 | _aالمساكن |
| 650 | 0 | 4 | _aالعمارة المنزلية |
| 650 | 0 | 4 | _aالمبانى - صيانة |
| 650 | 0 | 4 | _aالمنازل انظر المساكن |
| 650 | 0 | 4 | _aالمبانى - عمارة |
| 650 | 0 | 4 | _aالمبانى التاريخية - القاهرة |
| 942 |
_2ddc _cBK |
||
| 999 |
_c56775 _d56775 |
||